000 01031nam a2200265 a 4500
001 BRCA_4975
005 20190320204902.0
008 721019s1957 nyua#####b---#000-0#eng-#
041 _aeng
044 _anyu
050 4 _aN5247
_b.M63 1957
245 1 0 _aModern painting, drawing & sculpture
_ccollected by Louise and Joseph Pulitzer.
260 _aNueva York
_bPresident and Fellows of Harvard College
_c1957
300 _a101 p.
_bil., 62 láminas
_c28 cm.
500 _aCatálogo de la exposición realizada en Knoedler and Company (Nueva York), 9 abril - 4 mayo y en Fogg Art Museum (Cambridge), 16 mayo - 15 septiembre, 1957. Catálogo de Charles Scott Chetham
500 _aDD18
504 _aIncluye referencias bibliográficas
650 1 4 _aArte
_xColecciones particulares
_97906
650 1 4 _aArte
_vExposiciones
_xGalerías y museos
_zEstados Unidos
_912661
700 1 _aPulitzer, Joseph
_912662
700 1 _aPulitzer, Louise
_912663
700 1 _aChetham, Charles Scott
_912664
902 _aGFM
942 _2lcc
_cB
999 _c4669
_d4669